00424nam a2200145Ia 4500008004100000082001000041082000800051245004900059245002200108260002200130300000900152942000800161999001900169952009000188231017s9999 xx 000 0 und d a387.7 bGOS 0aAirport offsite passenger service facilities 0cVirginia Research bVirginia Research c30cm cREP c605288d605288 00104070aNITbNITd2023-10-17l0o387.7 GOSpNIT-4208r2023-10-17w2023-10-17yREP